000 00418nam a2200157Ia 4500
008 230917s9999||||xx |||||||||||||| ||und||
040 _e63628
_aMAIN
041 _aEnglish
082 _a657.95 R188R
100 _aRathnam, P V
245 0 _aRathnam's company accounts and holging companies: problems and solutions
250 _a2nd ed.
260 _aAllahabad
_bKitab Mahal
_c1988
300 _a380 p.
942 _cBK
999 _c62138
_d62138